[Event "RUS-ch KO"]
[Site "Moscow"]
[Date "1999.12.15"]
[Round "1.1"]
[White "Shcherbakov, Ruslan"]
[Black "Vorobiov, Evgeny E"]
[Result "0-1"]
[WhiteElo "2541"]
[BlackElo "2459"]
[Annotator "Krasenkow,M"]
[PlyCount "94"]
[EventDate "1999.12.04"]
[EventType "k.o."]
[EventRounds "6"]
[EventCountry "RUS"]
[SourceTitle "CBM 075"]
[Source "ChessBase"]
[SourceDate "2000.04.05"]
[SourceVersion "1"]
[SourceVersionDate "2000.04.05"]
[SourceQuality "1"]

1. d4 Nf6 2. c4 g6 3. Nc3 d5 4. cxd5 Nxd5 5. e4 Nxc3 6. bxc3 Bg7 7. Be3 c5 8.
Qd2 Qa5 9. Rb1 b6 10. Bb5+ Bd7 11. Be2 Bc6 12. Bd3 Nd7 13. Nf3 $6 $146 {
This move is certainly less logical than 13.Ne2 (protecting the c3 pawn and
preparing d4-d5). Apparently, its only idea is to prevent ...Nd7-e5. Besides,
the e4 pawn is now underprotected, which is immediately exploited by Black.} (
13. h4 {-CBM69}) (13. Ne2 Rd8) (13. Rc1 e6 14. Ne2 Rc8 15. Bh6 Bxh6 16. Qxh6
cxd4 17. O-O $2 (17. Nxd4 $13) 17... Ne5 18. Qg7 Ke7 (18... Rf8 19. Bb1 d3 $19)
19. Nxd4 Nxd3 20. Nxc6+ Rxc6 21. Qxh8 Nxc1 22. Rxc1 Qxa2 23. e5 Qd2 24. Ra1
Qxc3 25. Qf6+ Ke8 26. Qh8+ Ke7 {1/2-1/2 Ovsejevitsch,S-Ruck,R/Hotel Agro GM
1999}) 13... Nf6 $5 (13... Rd8 $5 14. O-O cxd4 $140 15. cxd4 Qxd2 16. Nxd2 Nc5
$2 (16... Ne5 17. Be2) 17. dxc5 Rxd3 18. cxb6) 14. d5 $8 Nxd5 15. exd5 Bxc3 16.
dxc6 O-O 17. O-O Bxd2 18. Bxd2 Qxa2 {So, Black has obtained a queen and three
pawns for three minor pieces. It's a formal material advantage. White's bishop
pair and strong c6 pawn guarantee him some compensation. However, if Black
manages to give up an exchange for the c6 pawn, he will certainly be on top.}
19. Bh6 $6 {This allows Black to carry out the above plan.} (19. Bf4 $2 Qa4 {
[%cal Ra4c6,Ra4f4]}) (19. c7 Qd5 20. Ba6 Qd6) (19. Be4 {looks logical. Now
Black can hardly play ...f7-f5 as his position will be seriously compromised.
However, after} Rac8 $1 {[%cal Ya2a4]} 20. Rfe1 Qe6 {it is difficult for White
to prevent 21...Rxc6}) (19. Rfe1 $5 {deserves serious attention, e.g.} Rfd8 (
19... Rac8 20. Ra1 Qb2 (20... Qb3 21. Ne5) 21. Be4) 20. Ra1 Qb2 (20... Qb3 21.
Be4) 21. Rab1 Qf6 22. Be4 {and it is not easy for Black to get rid of the c6
pawn.}) 19... Rfd8 20. Ne5 (20. Be4 Rac8 21. Rfd1 f5 $1 {(with the exchange of
a pair of rooks this weakening move is not dangerous for Black)}) 20... Qe6 21.
Rfe1 Rxd3 22. Nxd3 Qxc6 23. Rxe7 {Both White's trumps (the pair of bishops and
the passed pawn) have disappeared and the capture of this pawn doesn't help
him.} Rd8 24. Nf4 $2 {losing more material} (24. Rxf7 $2 g5 $1) (24. Re3 Re8 $1
25. Ne5 Qc8 {[%cal Yf7f6] After the exchange of a pair of rooks Black's
queenside pawn avalanche guarantees him an upper hand although not yet a clear
win.}) 24... Qf6 $1 25. Rxa7 (25. Rbe1 $4 Qxe7) 25... Qh4 (25... g5 26. Bxg5
Qxg5 27. g3 Rb8 $19) 26. g3 Qxh6 27. h4 Rd4 {Black gives back an exchange and
the b6 (and even c5) pawn to destroy White's kingside.} (27... Rb8 {lead to a
clear win, e.g.} 28. Nd5 Qd2 29. Nf6+ Kg7 30. Nd7 Re8 31. Nxb6 Re2 $19) 28.
Rxb6 Rxf4 29. gxf4 Qxf4 30. Rb3 (30. Rbb7 Qg4+ 31. Kf1 Qxh4 32. Rxf7 $2 Qc4+
$19) 30... Qxh4 (30... c4 31. Rc3 (31. Rg3 Qxh4) 31... Qd4 32. Raa3 Qxh4 (32...
Qd2 33. Rxc4 Qd1+ 34. Kh2) 33. Ra1 {[%cal Ya1c1]}) 31. Rc7 Qd4 {immediately
losing the c5 pawn but after} (31... Qg4+ 32. Rg3 Qd4 (32... Qd1+ 33. Kg2) 33.
Re3 {[%cal Ye3e8,Ye8c8]} Kf8 34. Ree7 {it will eventually fall anyway.}) 32.
Rb8+ Kg7 33. Rbc8 Qg4+ 34. Kh2 Qh4+ 35. Kg2 Qg4+ 36. Kf1 $2 (36. Kh2) 36...
Qc4+ $2 (36... h5 {-see below}) 37. Kg1 h5 {White has not yet consolidated the
position of his rooks and Black starts a dangerous attack of his king.} 38.
Rxc5 Qg4+ 39. Kf1 $2 {After this White loses his f2 pawn.} (39. Kh2 $142 h4 40.
Rc2 h3 41. f4 Qxf4+ 42. Kxh3 {and Black still must play very accurately to win
the game.}) 39... h4 40. Rc4 Qd1+ 41. Kg2 Qd5+ 42. Kh2 (42. Kh3 Qh1+ 43. Kg4 h3
$19) (42. f3 Qd2+ 43. Kh3 Qe1 $19) 42... Qf3 {[%cal Rh4h3]} 43. Rc3 Qxf2+ 44.
Kh3 g5 45. R8c5 Kg6 46. Rc8 f6 47. Rg8+ Kf5 0-1

[Event "Hastings 00 75th"]
[Site "Hastings"]
[Date "2000.01.04"]
[Round "1"]
[White "Krush, Irina"]
[Black "Sutovsky, Emil"]
[Result "1/2-1/2"]
[WhiteElo "2399"]
[BlackElo "2597"]
[Annotator "Krasenkow,M"]
[PlyCount "83"]
[EventDate "2000.01.04"]
[EventType "tourn"]
[EventRounds "9"]
[EventCountry "ENG"]
[EventCategory "13"]
[SourceTitle "CBM 075"]
[Source "ChessBase"]
[SourceDate "2000.04.05"]
[SourceVersion "1"]
[SourceVersionDate "2000.04.05"]
[SourceQuality "1"]

1. d4 Nf6 2. c4 g6 3. Nc3 d5 4. cxd5 Nxd5 5. e4 Nxc3 6. bxc3 Bg7 7. Bb5+ c6 8.
Ba4 O-O 9. Ne2 Nd7 10. O-O e5 {The drawback of this line is that the c8 bishop
has some problems entering the game.} 11. Bb3 {White wants to keep both
possibilities: Bc1-a3 and Bc1-e3. He has a lot of other options:} (11. Ba3 Re8
12. Bb3 exd4 $1 (12... Nb6 $6 13. f4 $1 (13. Qd3 a5 $1 {Smejkal,J} 14. Rad1 a4
15. Bc2 Be6 $13) 13... exd4 14. f5 gxf5 15. Ng3 dxc3 $6 (15... Qh4 $142 $1 {
Shirov}) 16. Qh5 Nc4 $6 17. Rad1 Qb6+ 18. Kh1 Qb5 19. Nxf5 Bxf5 20. Rxf5 Ne5
21. Bxf7+ Nxf7 22. Qxf7+ {1-0 Shirov,A-Smejkal,J/Bundesliga 1992}) 13. Nxd4 Nf6
(13... Rxe4 14. Nf3 Qf6 15. Qd3 Re8 16. Rfe1 $44) 14. f3 Qc7 15. Qe1 $5 a6 (
15... Bd7 $5 {/\ c5 Umanskaya,I}) 16. Qg3 Qxg3 17. hxg3 Nd7 18. Rad1 Nf8 19.
Bd6 Be6 20. Nxe6 Nxe6 21. e5 Bf8 {><c5} 22. Bxf8 Kxf8 23. Rd7 Re7 24. Bxe6 Rxe6
25. Rxb7 Rxe5 26. Rd1 Rd5 $11 {= Kakhiani,K-Umanskaya,I/Groningen (open) 1993})
(11. f3 Qe7 12. Be3 Rd8 13. Qc2 Nb6 14. Bb3 Be6 15. Rad1 Nc4 (15... Bc4 $5) 16.
Bc1 b5 17. f4 $1 exd4 18. Nxd4 Bg4 (18... Bd7 $5) 19. Rde1 Qc5 20. Kh1 a5 $1
21. h3 Bd7 $6 (21... Bc8 $5 {Shirov}) 22. a4 $1 bxa4 23. Ba2 $1 Be8 $2 (23...
Bc8 $5) 24. e5 $18 Nb6 25. f5 Nd5 26. Bd2 $2 {Topalov,V-Shirov,A/Linares 1998/
0-1 (53)} (26. f6 $1 $18 {Shirov})) (11. Be3 Qe7 (11... Qa5 12. Rb1 exd4 13.
cxd4 Qc7 14. Qd2 Nf6 15. e5 Nd5 16. Bh6 Bxh6 17. Qxh6 Bg4 18. Ng3 Nc3 19. Bb3
Kh8 20. Rbc1 Ne2+ 21. Nxe2 Bxe2 22. Rfe1 {1-0 James,D-Valdes Romeo,L/Moscow
olm 1994 (31)}) (11... Re8 12. Qc2 $5 (12. f3 Nb6 (12... b5 13. Bb3 Nb6 14. a4
Qc7 15. a5 Nc4 16. Bxc4 bxc4 17. dxe5 Bxe5 18. f4 Bg7 19. e5 f6 20. Bc5 fxe5
21. Bd6 Qd8 22. Bxe5 Qxd1 23. Rfxd1 Bxe5 24. fxe5 Bg4 25. Rd2 Rxe5 26. Nd4 Bd7
27. Nf3 {1/2-1/2 Dankert,P-Jasnikowski,Z/Cuxhaven op 1993}) 13. Bb3 Qd6 (13...
Be6 14. Bxe6 Rxe6 15. Qb3 Qc7 16. Rab1 Rb8 17. Rfd1 Nc8 18. Rd2 b6 19. Rbd1 Rd6
20. dxe5 Bxe5 21. f4 Bg7 22. Ng3 Rxd2 23. Rxd2 Nd6 24. e5 Nb7 25. Qa4 {1/2-1/2
Soppe,G-Schmidt,W/Novi Sad olm 1990}) 14. Qc2 Be6 15. Rfd1 Qa3 16. Bxe6 Rxe6
17. Qb3 Qa6 18. Ng3 Nc4 19. Bf2 Ree8 20. Nf1 Bh6 21. Rd3 Nb2 {1-0 Gouliev,S-El
Kher,H/Eu Youth bu16 1998 (48)}) 12... Qe7 13. f3 Nb6 14. Bb3 Be6 15. Bf2 (15.
Rad1 Rad8 $1 16. c4 exd4 17. Nxd4 Bc8 $1 18. Ne2 Nd7 19. c5 Bf8 20. Rc1 Ne5 $11
{= Ulibin,M-Novik,M/Moskva (open) 1992}) 15... Bc4 16. a4 Qe6 17. Rfb1 Rab8 18.
dxe5 Bxe5 19. a5 Nc8 20. Bxc4 Qxc4 21. Ra4 Qe6 22. f4 Bg7 23. e5 $16 {Neverov,
V-Smikovski,I/St.Petersburg Chigorin 1995/1-0 (42)}) 12. Qc2 (12. d5 cxd5 13.
exd5 Qd6 14. c4 Nc5 15. Rc1 Rd8 16. Nc3 Nxa4 17. Qxa4 b6 $13 {0-1 Varlan,
H-Tomescu,V/ROM-chT 1994 (33)}) 12... Nb6 (12... Kh8 $5 13. Rad1 Nb6 14. Bb3
exd4 15. cxd4 f5 16. d5 $6 Qxe4 17. Qxe4 fxe4 18. dxc6 bxc6 19. Bc5 Ba6 20.
Bxf8 Bxf8 21. Rd2 Bh6 22. Rb2 c5 $17 {0-1 Nikolov,S-Rowson,J/Open, Bled SLO
1998 (27)}) (12... b5 13. Bb3 Bb7 14. a4 a6 15. Rab1 Rac8 16. f3 Ba8 17. Qa2
exd4 18. cxd4 c5 19. axb5 axb5 20. dxc5 Nxc5 21. Qa3 Qe5 22. Ba2 Na4 23. Rfc1
$14 {Gurevich,D-Benjamin,J/USA-ch 1992/1-0 (37)}) 13. Bb3 Be6 14. dxe5 (14. f4
exd4 15. Nxd4 Bd5 16. Bxd5 Nxd5 17. Bd2 Qc5 18. Qd3 Nb4 19. Qe3 Rad8 20. e5 Nd5
21. Qg3 Rfe8 22. Kh1 Qc4 {1/2-1/2 Hoang Thanh Trang-Balinov,I/FSGM April 1999 
(33)}) (14. Rad1 Nc4 15. Bc1 b5 16. f4 f6 17. Rf3 exf4 18. Bxf4 f5 19. Re1 fxe4
20. Qxe4 Qd7 21. Bg5 Bd5 22. Rxf8+ Rxf8 23. Qh4 Nd6 {0-1 Khudiakov,I-Beshukov,
S/Smolensk op 1991 (34)}) (14. a4 Nc4 15. Bc1 Rfd8 16. Rd1 Na5 17. Bxe6 Qxe6
18. Ba3 exd4 19. cxd4 Nb3 20. Rab1 Nxd4 21. Nxd4 Rxd4 22. Rxd4 Bxd4 23. Rxb7
Re8 24. Rc7 Qxe4 25. Qxe4 Rxe4 26. Rc8+ Kg7 27. Bf8+ Kf6 28. Rxc6+ Re6 {
0-1 Hoang Thanh Trang-Fogarasi,T/FSGM February 2000 (39)}) 14... Bxe5 15. f4
Bg7 16. Bd4 Rfe8 17. Ng3 Nd7 18. Qf2 a5 19. Bxe6 Qxe6 20. Bxg7 Kxg7 21. e5 f6
22. Rad1 Qe7 23. exf6+ {1/2-1/2 Panchenko,A-Stohl,I/Pardubice op 1994}) (11.
Rb1 Qe7 (11... Nb6 12. Ba3 Re8 13. Bb3 Be6 14. Bxe6 Rxe6 15. Qd3 Qe8 16. f3 Rd8
17. Rfd1 Kh8 18. c4 exd4 19. c5 f5 $1 $13 {Ostojic,N-Orlov,V/Leningrad URS-JUG
J 1991/1-0 (55)}) 12. f3 Nb6 13. Bb3 Be6 14. Bxe6 Qxe6 15. Qb3 Rfd8 16. Qxe6
fxe6 17. dxe5 Bxe5 18. Bg5 Rd3 19. Rfd1 Rxd1+ 20. Rxd1 Kf7 21. Rd3 Bf6 22. h4
e5 23. Kf2 Be7 $11 {Gritsak,O-Nijboer,F/MK Cafe Cup 1998/1-0 (74)}) 11... Qe7 (
11... b6 12. Ba3 c5 13. dxc5 Nxc5 14. Bxc5 bxc5 15. Bd5 $14 Rb8 16. Rb1 Rb6 17.
Rxb6 axb6 18. Qb3 Ba6 19. c4 Qc7 20. Rb1 Rb8 21. Nc3 Bf6 22. Qa4 Bc8 23. Qe8+
Kg7 24. Nb5 Qe7 25. Qxe7 Bxe7 26. a4 {Gyimesi,Z-Mohandessi,S/Balatonbereny op
1994/1-0 (49)}) 12. Qc2 (12. f3 Rd8 13. a4 b6 14. Ba3 Qe8 15. Qe1 Ba6 16. Rd1
Nf8 17. d5 cxd5 18. Rxd5 Ne6 19. Rf2 Bb7 20. Rxd8 Rxd8 21. Ng3 Bh6 $36 {
Akesson,R-Schandorff,L/SWE-DEN Skaenninge (1) 1998/0-1 (42)}) 12... Re8 (12...
b6 $5 13. a4 exd4 14. cxd4 Ba6 15. Rd1 Nc5 16. Ba3 Qxe4 17. Qxe4 (17. Ng3 $5)
17... Nxe4 18. Bxf8 Bxe2 19. Re1 Bxd4 20. Rxe2 Bxa1 {Dao Thien Hai-Ivanchuk,V/
Cap d'Agde (rapid) 1998/0-1 (43)}) 13. f3 b6 {After the white bishop has
already retreated from c4, this move is more appropriate than} (13... Nb6 14.
a4 Be6 15. a5 (15. Ba3 Bxb3 16. Qxb3 Qe6 17. Qxe6 Rxe6 18. a5 Nc4 19. Rfb1 b6 {
Gyimesi,Z-Mirumian,V/WchJM-U18 Szeged 1994/1/2-1/2 (42)}) 15... Bxb3 16. Qxb3
Nc8 17. Be3 (17. Ba3 Qc7 18. Kh1 $6 (18. Bc5 Rb8 19. Rfb1 b6 20. axb6 axb6 21.
Ra6 $14 {Vyzmanavin,A; Arkhangelsky,B}) 18... b5 $1 19. axb6 axb6 $11 {
Vyzmanavin,A-Sanchez Almeyra,J/Zaragoza 1993}) 17... Qc7 18. Ng3 Rd8 19. dxe5
Bxe5 20. f4 Bg7 21. e5 Rb8 22. Ne4 b6 23. axb6 axb6 24. c4 $16 {Kiselev,
S-Rogozenko,D/Bucharest 1993}) 14. Be3 Ba6 15. Rad1 (15. Rfd1 {is another
option, with idea a2-a4 etc.} Rac8 16. Qd2 c5 (16... exd4 $142 $5 17. cxd4 c5)
17. d5 c4 18. Ba4 Red8 $6 (18... b5 19. Bc2 {[%cal Ya2a4]}) 19. Bxd7 Qxd7 20.
a4 Bf8 21. Ng3 f6 22. f4 exf4 23. Bxf4 Rc5 $14 {0-1 Korotylev,A-Beshukov,S/
Alushta3 1994 (47)}) 15... Rac8 16. Qd2 c5 {In my opinion,} (16... exd4 17.
cxd4 c5 18. d5 c4 {is more promising for Black. After the text move he doesn't
obtain any active counterplay; however, his position is very solid.}) 17. d5 c4
18. Bc2 Nc5 19. Rf2 {(?)} Bb5 {(?)} ({Why not} 19... Nd3 20. Bxd3 cxd3 21. Nc1
Qa3 $17 {? I have only one explanation - an error in the game score (it was
played 19.Nc1 Bb5 20.Rf2).}) 20. Nc1 Bd7 21. Rdf1 f5 {Black wants to make use
of the poor position of the white knight on c1} (21... b5 $5 {/\a7-a5} 22. f4
exf4 23. Rxf4 Rf8) 22. exf5 gxf5 23. g4 $1 Rf8 {Black doesn't open up the
f-file. Still,} (23... fxg4 24. fxg4 Qh4 {deserved attenion.} (24... Bxg4 $2
25. Rf7 Qxf7 26. Bxh7+ Kf8 27. Rxf7+ Kxf7 28. Qg2 $18)) 24. d6 Qf7 25. Bxf5 {
A simple plan: White swaps two pairs of minor pieces intending to transfer his
knight to the powerful e4 square.} Bxf5 26. gxf5 Qxf5 27. Bxc5 Rxc5 28. Ne2 Qd3
29. Ng3 Rd5 (29... Rxf3 $2 30. Qxd3 Rxd3 31. Rg2) 30. Ne4 Qxd2 31. Rxd2 Rxd2
32. Nxd2 Rd8 33. Ne4 {White has carried out his plan; however, the weakness of
his d6 pawn doesn't allow him to play for a win.} (33. Nxc4 b5 34. Na3 a6)
33... Bf8 34. Rd1 h6 35. Kf2 (35. Rd5 Kf7) 35... Kf7 36. Ke3 Rd7 37. a4 Ke6 38.
Rg1 Rg7 39. Rd1 Rd7 40. Rg1 Rg7 41. Rd1 Rd7 42. Rg1 1/2-1/2

[Event "Perenyi Memorial"]
[Site "Gyula"]
[Date "2000.01.27"]
[Round "4"]
[White "Danner, Georg"]
[Black "Horvath, Csaba"]
[Result "1/2-1/2"]
[WhiteElo "2443"]
[BlackElo "2519"]
[Annotator "Krasenkow,M"]
[PlyCount "56"]
[EventDate "2000.01.24"]
[EventType "tourn"]
[EventRounds "13"]
[EventCountry "HUN"]
[EventCategory "9"]
[SourceTitle "CBM 076"]
[Source "ChessBase"]
[SourceDate "2000.05.31"]
[SourceVersion "1"]
[SourceVersionDate "2000.05.31"]
[SourceQuality "1"]

1. d4 Nf6 2. Nf3 g6 3. c4 Bg7 4. Nc3 d5 5. cxd5 Nxd5 6. e4 Nxc3 7. bxc3 c5 8.
Rb1 O-O 9. Be2 cxd4 10. cxd4 Qa5+ 11. Qd2 {This line went out of fashion at
the end of the 80s when Khalifman, Gelfand and other young players worked out
the pawn sacrifice} (11. Bd2 Qxa2 12. O-O) {Nowadays 11.Qd2 is a rare guest in
top tournaments. White can hardly expect any advantage in the endgame arising.}
11... Qxd2+ 12. Bxd2 b6 13. O-O Bb7 14. d5 Ba6 $1 {Introduced by V.Gavrikov.
Black has provoked d4-d5 and now, after the exchange of bishops, his knight
will be able to take the c5 square.} 15. Rfe1 {White can choose whether he
wants his rook on f1 or e2. It is very difficult to say which is better.} (15.
Bxa6 {is the other option. After} Nxa6 {the following options have been seen
in practice:} 16. Be3 (16. Bg5 Rfe8 17. Rfc1 Kf8 18. Rc4 Rec8 19. Rbc1 Rxc4 20.
Rxc4 Ke8 {1/2-1/2 Werbeck,T-Brenke,A/NRW-I 1995}) (16. Rfc1 Nc5 17. Rc4 f5 18.
e5 Rfd8 19. Rd4 Rd7 20. Bb4 Rad8 {[%csl Rd5]} 21. Rbd1 h6 22. h4 Ne4 23. Kf1 a5
24. Be1 g5 $1 25. hxg5 hxg5 26. Rb1 g4 27. Nh4 Bxe5 {Muresan,M-Klimova
Richtrova,E/Balatonfured ztW 1987/0-1 (61)}) 16... f5 {(the most energetic
continuation undermining the d5 pawn)} (16... Rfe8 17. Nd4 Bxd4 18. Bxd4 e6 19.
dxe6 Rxe6 20. f3 Rd8 21. Be3 Rd3 22. Rb3 Red6 23. Rc1 Kg7 24. Kf2 Nc5 25. Bxc5
bxc5 26. Rxc5 Rd2+ 27. Kg3 Rxa2 28. Rb7 Rf6 29. h4 $14 {Schmidt,W-Banas,J/
Trnava 1986/1-0 (46)}) (16... Rfd8 $5 17. Nd4 Bxd4 18. Bxd4 Rd7 {[%cal Re7e6]}
19. Be3 Rc7 20. Rfc1 Rac8 21. f3 f5 22. Rxc7 Rxc7 23. Rb3 Kf8 24. Ra3 Nb4 25.
Ra4 Nd3 26. Rd4 fxe4 27. fxe4 Rc3 28. a4 Ke8 29. Kf1 Ra3 30. a5 b5 31. d6 {
Peist,J-Wiesmann,H/BL2-W 1990/1/2-1/2 (52)}) (16... Rfc8 17. Rfc1 Kf8 18. Kf1
Rxc1+ $6 (18... Ke8 19. Ke2 h6 20. h4 f5 21. exf5 gxf5 22. Bd4 Bf8 23. Be5 Rxc1
24. Rxc1 Nb4 25. Nd4 Nxd5 (25... Nxa2 $5 26. Rc4 a5 27. Nxf5 b5 28. Rc7 a4 29.
Bg7 Bxg7 30. Nxg7+ Kf7 31. Nf5 $13 {Ftacnik}) 26. Nxf5 e6 27. Nd4 Kd7 28. f4
$14 {Yevseev,D-Dvoirys,S/ch-RUS 1998/1-0 (59)-CBM67}) 19. Rxc1 Nb4 20. Bd2 $1 (
20. a3 Na2 21. Rc4 (21. Rc7 Nc3 22. Bg5 Re8 23. Rxa7 Nxe4 24. Be3 b5 25. Ng5
Nxg5 26. Bxg5 Bd4 27. Rb7 Bc5 28. Bc1 Ra8 29. Rxb5 {1/2-1/2 Novikov,I-Neverov,
V/Uzhgorod 1987}) 21... Nc3 22. a4 b5 23. axb5 Nxb5 24. Bd2 a5 25. Rc5 Nd6 26.
Rxa5 Rxa5 27. Bxa5 Nxe4 {Kalantarian,N-Polovodin,I/Voroshilovgrad op 1989/1/
2-1/2 (57)}) 20... a5 (20... Nd3 $142 21. Rc7) 21. a3 Nd3 (21... Bb2 22. Rb1 $1
Bxa3 23. Rb3 Nc2 24. Rc3 $18) 22. Rc6 b5 23. Ke2 (23. Bxa5 Bb2) 23... Ne5 (
23... Nb2 24. Bxa5 Nc4 25. Bb4 Bb2 26. a4 $1 $16) 24. Rc5 b4 25. axb4 Nxf3 26.
Kxf3 $1 (26. gxf3 axb4 27. Bxb4 Be5) 26... a4 (26... axb4 $5 27. Bxb4 Be5 $16)
27. Rc2 a3 28. Ra2 Bb2 29. Be3 Ra4 30. Bc5 {[/\ Ke3-d3-c4]} Bc3 (30... Bc3 31.
b5 Bb4 32. Bxb4 Rxb4 33. Rxa3 Rxb5 34. Rd3 h5 35. h4 Rb2 36. g3 Ra2 37. Ke3 Rb2
38. f3 f6 39. f4 Rb4 40. e5 fxe5 41. fxe5 g5 42. hxg5 Rg4 43. Kf3 Rxg5 44. Kf4
Rg4+ 45. Kf5 Kf7 46. Ra3 Rd4 47. d6 e6+ 48. Kg5 Re4 49. Ra7+ {1-0 Kiriakov,
P-Notkin,M/Russian Club Cup, Maikop RUS 1998}) 31. b5 {Kiriakov,P-Notkin,M/
Russia 73/534 1998/1-0 (49)}) 17. e5 f4 (17... Rfd8 $2 18. Rfd1 Nc7 19. d6 exd6
20. Bg5 Rd7 21. Rxd6 Rxd6 22. exd6 Ne6 23. d7 Nxg5 24. Nxg5 Bf6 25. Re1 Rf8 26.
Ne6 {1-0 Mitenkov,A-Polovodin,I/Cherepovets 1993}) 18. Bc1 Rad8 19. Rd1 Nc7 (
19... Rf5 $2 20. Bb2 Nc7 21. Nd4 Rff8 22. Nc6 Rd7 23. Ba3 {1-0 Krivoshey,
S-Jelen,I/Bled op 1999}) 20. d6 exd6 21. exd6 (21. Ba3 Rd7 22. exd6 Ne6 23. Rd5
Rc8 24. Re1 Kf7 25. Ne5+ Bxe5 26. Rdxe5 Re8 27. R1e4 Ng7 28. Rxf4+ Nf5 29. Rxe8
Kxe8 30. Rg4 Nxd6 31. Rd4 {1/2-1/2 Freckmann,M-Forchert,M/NRW-I 1990}) 21...
Rf5 22. Bxf4 (22. g4 Rf6 23. Ba3 Ne6 24. Ne5 Nc5 25. Bxc5 bxc5 26. d7 Kf8 27.
Rb7 Ra6 28. Rd5 Bxe5 29. Rxe5 Rxa2 30. Rxc5 Ke7 31. Rcc7 a5 32. Kg2 Rd2 33. Ra7
Rd5 34. h4 Ke6 35. Kf3 Ke5 {1/2-1/2 Piesina,G-Yuferov,S/Belgorod GMA-qual 1989
(42)}) 22... Nd5 23. Bg5 Rxd6 24. Rbc1 Rd7 25. Rc8+ Rf8 26. Rc6 (26. Rc2 Rff7
27. Rcd2 Nf6 28. Ne5 Rxd2 29. Rxd2 Ne4 $1 $11 {= Gaprindashvili,N-Levitina,I/
Smederevska Palanka (izt) 1987}) 26... Rff7 $5 $11 (26... Bf6 27. h4 Kg7 28.
Nd4 Bxd4 29. Rxd4 Rff7 30. h5 Rf5 31. h6+ Kf7 32. f4 $14 {1-0 Murzin,L-Atakisi,
U/FSIMA April 2000 (65)})) 15... Rc8 $146 {Black wants to make use of White's
delay of the bishop swap and creates the 16...Rc2 threat (which, however,
doesn't look terribly dangerous). After all, Black will have to take on e2
anyway.} (15... Bxe2 {is the main theoretical line, with the following options
after} 16. Rxe2 {:} Na6 (16... Rc8 17. Bg5 (17. Bb4 {leads to the game
continuation}) 17... e6 (17... Kf8 18. e5 h6 19. Bf4 g5 20. Bg3 e6 21. dxe6
fxe6 22. h4 g4 23. Nd4 Kf7 24. h5 Nc6 25. Nxc6 Rxc6 26. Rb4 $16 {Koch,
W-Bakalarz,M/NRW-II 1992/1-0 (48)}) 18. h4 Nd7 19. dxe6 fxe6 20. Rd1 Nc5 21. e5
Rc7 22. Rc2 h6 23. Be3 Rac8 24. Rc4 Nd7 25. Re4 Nc5 26. Rg4 Kh7 27. Rd6 Re7 28.
Rc4 Bf8 29. Rd1 Rcc7 30. Rcd4 Red7 {1/2-1/2 Piesina,G-Zilberstein,V/Belgorod
GMA-qual 1989 (35)}) 17. Be3 (17. a4 Rfc8 18. a5 bxa5 19. Bxa5 Nc5 20. e5 Rab8
21. Rd1 Nb3 22. Be1 a5 {1/2-1/2 Koenig,M-Kerz,M/Wiesbaden op 1988 (35)}) (17.
Bb4 Nxb4 18. Rxb4 Rac8 19. g3 Rc5 20. Nd4 a5 (20... Bxd4 $5 $11) 21. Ra4 b5 22.
Nb3 bxa4 23. Nxc5 a3 24. Nb3 Rb8 25. Nxa5 Rb2 26. Kf1 Rb1+ 27. Kg2 Rc1 28. Re3
Rc2 29. Rxa3 Bd4 {1/2-1/2 Palacios,L-Janjgava,N/Wch-stud Antwerpen 1992 (36)})
(17. Bg5 Rfe8 18. Rd1 e6 19. dxe6 {1/2-1/2 Krasenkow,M-Gavrikov,V/Budapest
Noviki-A 1989}) 17... f5 (17... Rfc8 $5 18. Bd4 Nc5 (18... Rc4 19. Bxg7 Kxg7
20. Ne5 Rc5 21. Rd1 Rd8 22. Red2 Nc7 23. f4 Nb5 24. g4 Nc3 25. Re1 e6 26. d6 g5
27. Nf3 gxf4 28. e5 b5 29. Nd4 b4 30. Nb3 Rb5 31. Rd4 f3 32. Kf2 Nxa2 33. Rc4
$13 {Movsziszian,K-Krasenkow,M/Tbilisi tt 1986/1/2-1/2 (71)}) 19. Bxg7 Kxg7 20.
e5 Rd8 21. Rd1 Na4 22. Rd4 Nc3 23. Red2 Rd7 24. Ng5 Rad8 $5 25. Nxf7 Rc8 $1 26.
f4 Rxd5 $11 {0-1 Trettin,U-Kindl,P/BL2-S 1990}) 18. Bg5 (18. e5 $5) 18... fxe4
19. Rxe4 Rf5 20. Rxe7 Rxd5 21. Be3 Bf8 22. Rb7 Nc5 23. Bxc5 Bxc5 24. h4 Rad8
25. Rxa7 Rd1+ 26. Rxd1 Rxd1+ 27. Kh2 Bxf2 28. g3 Rd3 29. Kg2 Bc5 30. Ng5 Ra3 {
1/2-1/2 Lputian,S-Tseshkovsky,V/URS-ch53 Kiev 1986}) 16. Bb4 {Here the bishop
is not safe and allows the black knight to gain a tempo while entering the
play.} (16. Bg5 $5 e6 $5) 16... Bxe2 17. Rxe2 Kf8 ({in this position, too,} 
17... e6 {is worth trying as after} 18. dxe6 (18. Rd1 Na6 $5) 18... fxe6 {
Black will comfortably play} 19. Z0 Nc6) 18. e5 {[%cal Rd5d6]} Na6 19. Ba3 Rc3
20. Rb3 Rxb3 $6 (20... Rac8 {looks more accurate. If then} 21. d6 {then Black
has two options:} exd6 ({or} 21... Rxb3 22. axb3 Ke8 23. dxe7 Rc3 $11 {[%cal
Ya6c5]}) 22. exd6 Nc5 23. Rxc3 Bxc3 24. Re7 (24. Rc2 Bf6 $11) 24... Rd8 $11)
21. axb3 b5 $2 {Shutting the diagonal but yielding White the c-file.} (21...
Rc8 {was still better but then White could try} 22. Ra2 $5 {[%cal Ya2a7]} Nc5
$140 23. Rc2 {[%cal Gc2c8]}) 22. Rc2 {[%csl Ra6][%cal Gc2c8]} b4 23. Bc1 Rd8 {
[%csl Rd5][%cal Yf8e8] Black tries to counter-attack White's central pawns but
it is not enough to equalize anymore.} 24. Bf4 $6 {Fortunately for him, White
doesn't play energetically enough. Meanwhile, the awkward position of Black's
pieces creates a lot of tactical possibilities.} (24. Rc6 {was quite good, e.g.
} Nb8 25. Rc7 Nd7 26. Bf4 $5 (26. d6 exd6 27. Bg5 f6 28. exf6 Nxf6 29. Rxa7 $14
) 26... Nb6 (26... a5 27. e6 Nf6 28. d6 Nd5 29. dxe7+ Nxe7 30. Rd7 $1 Re8 31.
Ng5 $16) 27. d6 Nd5 28. Rxa7 exd6 29. Bg5 $16) (24. d6 {looks even stronger:}
Ke8 (24... exd6 25. Bg5) (24... f6 25. Nd4 $1) 25. Rc6 Nb8 26. Rc7 Rd7 27. Bg5
$1 f6 28. Bh4 g5 (28... exd6 29. Rc8+ Rd8 30. Rxd8+ Kxd8 31. exf6 Bf8 32. Ng5
$16) 29. Rc8+ Rd8 (29... Kf7 30. Bg3) 30. Rxd8+ Kxd8 31. dxe7+ Kxe7 32. exf6+
Bxf6 33. Bxg5 $16) 24... Ke8 25. d6 {quite late!} f6 $1 26. exf6 Bxf6 27. Ra2
$6 (27. Rc6 Nb8 28. Rc7 $14 {was the last try}) 27... Nc5 28. Rxa7 Nxb3 (28...
Nxb3 29. Be5 Rd7 $1 $11) 1/2-1/2